Les personnages d'Interstellar - Statistiques

Statistiques générales
  • Ce quiz a été pris 218 fois
  • Le résultat moyen est 5 sur 13
Statistiques - réponses
Hint Réponse % Correct
2 Murphy Cooper
93%
1 Joseph Cooper
86%
4 Pr. John Brand
47%
3 Tom Cooper
40%
10 Dr. Mann
37%
6 TARS
32%
5 Amélia Brand
28%
8 Romilly
22%
11 Dr. Miller
17%
9 Doyle
15%
13 Donald
13%
7 CASE
11%
12 Dr. Edmunds
11%
Aucun quiz correspondant
Distribution des résultats
% des personnes avec chaque résultat
Percentile par nombre de réponses
Votre historique - résultats
Vous n’avez pas pris ce quiz